<?xml version="1.0" encoding="UTF-8"?>
<record
    xmlns:xsi="http://www.w3.org/2001/XMLSchema-instance"
    xsi:schemaLocation="http://www.loc.gov/MARC21/slim http://www.loc.gov/standards/marcxml/schema/MARC21slim.xsd"
    xmlns="http://www.loc.gov/MARC21/slim">

  <leader>00377nam a22001457a 4500</leader>
  <controlfield tag="005">20150218105620.0</controlfield>
  <controlfield tag="008">150218b        xxu||||| |||| 00| 0 eng d</controlfield>
  <datafield tag="040" ind1=" " ind2=" ">
    <subfield code="c">PK-LaUMT</subfield>
  </datafield>
  <datafield tag="082" ind1=" " ind2=" ">
    <subfield code="a">KHC 891.4393</subfield>
    <subfield code="b">RAI-D</subfield>
  </datafield>
  <datafield tag="100" ind1=" " ind2=" ">
    <subfield code="a">&#x631;&#x626;&#x6CC;&#x633; &#x627;&#x62D;&#x645;&#x62F;</subfield>
  </datafield>
  <datafield tag="245" ind1=" " ind2=" ">
    <subfield code="a">&#x62F;&#x627;&#x633;&#x62A;&#x627;&#x646; &#x637;&#x644;&#x633;&#x645; &#x6C1;&#x648;&#x634;&#x631;&#x628;&#x627;</subfield>
    <subfield code="c">&#x631;&#x626;&#x6CC;&#x633; &#x627;&#x62D;&#x645;&#x62F;</subfield>
  </datafield>
  <datafield tag="260" ind1=" " ind2=" ">
    <subfield code="a">[ ]</subfield>
    <subfield code="b">[ ]</subfield>
    <subfield code="c">[N.D]</subfield>
  </datafield>
  <datafield tag="300" ind1=" " ind2=" ">
    <subfield code="a">1294 &#x635;</subfield>
  </datafield>
  <datafield tag="942" ind1=" " ind2=" ">
    <subfield code="c">BK</subfield>
  </datafield>
  <datafield tag="999" ind1=" " ind2=" ">
    <subfield code="c">66339</subfield>
    <subfield code="d">66339</subfield>
  </datafield>
  <datafield tag="952" ind1=" " ind2=" ">
    <subfield code="0">0</subfield>
    <subfield code="1">0</subfield>
    <subfield code="4">0</subfield>
    <subfield code="7">0</subfield>
    <subfield code="a">01</subfield>
    <subfield code="b">01</subfield>
    <subfield code="d">2015-02-18</subfield>
    <subfield code="l">1</subfield>
    <subfield code="o">KHC 891.4393 RAI-D</subfield>
    <subfield code="p">69032</subfield>
    <subfield code="r">2020-01-14 00:00:00</subfield>
    <subfield code="s">2020-01-08</subfield>
    <subfield code="w">2015-02-18</subfield>
    <subfield code="y">BK</subfield>
  </datafield>
</record>
